000
00313nam a2200133Ia 4500
005
20260328104304.0
008
260328s9999||||xx |||||||||||||| ||und||
100
_a
Lucas, Dorian
245
0
_a
Green Design /
_c
Dorian Lucas
260
_b
Braun
300
_a
231 p.
650
_a
DISEÑO INDUSTRIAL
942
_c
BK
999
_c
10680
_d
10680